Solve the Secret Country by 6 Clues in 45 Seconds #1 - Statistics

General Stats
  • This quiz has been taken 5,043 times
  • The average score is 4 of 6
Answer Stats
Answer % Correct
2nd Clue - The name of this country end with consonant.
100%
3rd Clue - This country is not landlocked.
91%
4th Clue - This country have joined the FIFA World Cup.
84%
5th Clue - This country is outside Europe.
70%
6th Clue - The flag of this country contains black.
47%
THE ANSWER IS {EGYPT}.
18%
No matching quizzes found
Score Distribution
Percent of People with Each Score
Percentile by Number Answered
Your Score History
You have not taken this quiz